[Event "Turkish Championship 2020"]
[Site "Kemer-Antalya"]
[Date "2020.11.21"]
[Round "9.3"]
[White "Tarlabasi, Emirhan"]
[Black "Haznedaroglu, Kivanc"]
[Result "1/2-1/2"]
[WhiteElo "2275"]
[BlackElo "2437"]
[Annotator "TA"]
[PlyCount "91"]
[EventDate "2020.11.13"]
[EventType "tourn"]
[EventCountry "TUR"]
[SourceTitle "playchess.com"]
[Source "ChessBase"]
[SourceQuality "1"]

{[%evp 19,91,34,41,43,42,16,19,14,14,14,14,-19,-3,-29,43,38,27,0,0,0,-2,-7,0,0,0,-7,-9,-25,29,41,115,56,66,35,35,44,131,87,147,-16,-8,-7,154,134,155,105,268,229,229,222,269,87,87,87,87,88,46,34,51,0,0,0,0,0,0,0,0,-8,8,8,8,8,8,-8]} 1. d4 d6 2. Nf3 g6 3. Nbd2 Bg7 4. e4 c6 5. Bd3 Nf6 6. O-O O-O 7. h3 Qc7 8. Re1 e5 9. c3 Nbd7 10. a4 {[%cal Ba2a4,Ba4a5][%mdl 32]} Re8 11. a5 {B07: Pirc Defence: Miscellaneous Systems.} Rb8 12. b4 {[#]} d5 $146 ({Predecessor:} 12... b5 13. axb6 axb6 14. b5 cxb5 15. Bxb5 Qxc3 16. Ba3 Ra8 17. Nc4 Ba6 18. Rc1 Qxc1 19. Qxc1 {1-0 (31) Afanasiev,N (2508)-Jojua,D (2588) chess.com INT 2019}) 13. dxe5 Nxe5 14. Nxe5 Qxe5 15. Bb2 Be6 16. Nf3 Qh5 (16... Qc7 $11) 17. e5 $14 Ne4 18. Bxe4 (18. a6 {is more complex.} Ng5 19. Nxg5 Qxg5 20. Bc1 Qe7 21. axb7 Rxb7 22. Bd2) 18... dxe4 19. Rxe4 Bd5 20. Re3 Bxf3 21. Qxf3 Qxf3 22. gxf3 Rxe5 23. a6 b5 ({Black should try} 23... c5 24. Rxe5 Bxe5 25. axb7 Rxb7) 24. Rd1 $11 c5 (24... Rxe3 $14 25. fxe3 Bf6) 25. Rxe5 ({Better is} 25. Bc1 $1 $16) 25... Bxe5 $16 {[%mdl 4096] Endgame KRB-KRB} 26. Rd5 (26. f4 $5 {[%cal Rf4e5]} Bf6 27. bxc5 $14) 26... Bf6 {...cxb4 is the strong threat.} 27. bxc5 b4 (27... Be7 $1 $14) 28. c6 {Threatens to win with cxb4.} Rc8 ({Wrong is} 28... bxc3 $2 29. Bxc3 $1 {[%mdl 512]} Bd8 30. Bd4 $18) (28... b3 $142) 29. Rc5 $2 ({White must play} 29. cxb4 $16 Bxb2 30. b5) 29... Kf8 $11 30. Rc4 bxc3 $2 (30... Bxc3 $11 31. Bxc3 bxc3) 31. Ba3+ $1 $16 ({And not} 31. Bxc3 Bxc3 32. Rxc3 Ke7 $15) 31... Ke8 32. Bd6 Kd8 $2 (32... Bh8 $16) 33. Kf1 Ke8 {[#]} 34. Ke2 $1 Bg7 35. Kd1 $2 (35. Kd3 $18 {and White stays clearly on top.}) 35... f5 36. Kc2 Kf7 {[#]} 37. Bf4 $1 {[%cal Rf4e3] And now Be3 would win.} Ke6 38. c7 {aiming for Be3.} Kd7 39. Be3 ({White should play} 39. Rc5 $14) 39... Rxc7 $11 {The position is equal.} 40. Rxc7+ Kxc7 41. Bxa7 {KB-KB} g5 42. Bc5 h5 43. Kd3 g4 44. fxg4 fxg4 45. hxg4 hxg4 46. Ke4 {Black defended with fortune.  Weighted Error Value: White=0.24/Black=0.33} 1/2-1/2

[Event "Turkish Championship 2020"]
[Site "Kemer-Antalya"]
[Date "2020.11.21"]
[Round "9.4"]
[White "Firat, Burak"]
[Black "Yurtseven, Melih"]
[Result "0-1"]
[WhiteElo "2474"]
[BlackElo "2391"]
[Annotator "TA"]
[PlyCount "62"]
[EventDate "2020.11.13"]
[EventType "tourn"]
[EventCountry "TUR"]
[SourceTitle "playchess.com"]
[Source "ChessBase"]
[SourceQuality "1"]

{[%evp 9,62,44,45,42,56,52,41,29,22,0,0,0,0,-10,41,41,33,-33,-33,-23,0,0,39,0,33,36,43,77,37,41,80,61,77,9,14,0,0,-15,-32,-93,-85,-670,-641,-661,-660,-645,-627,-1025,-546,-1420,-1404,-1664,-1617,-1627,-1572]} 1. c4 Nf6 2. Nc3 g6 3. e4 e5 4. Nf3 d6 5. d4 exd4 6. Nxd4 {A22: English Opening: 1...e5 2 Nc3 Nf6.} Bg7 7. f3 O-O 8. Bg5 {White is slightly better.} Nc6 9. Nxc6 bxc6 10. Qd2 Be6 {[#]} 11. Qf4 $146 ({Predecessor:} 11. Be2 Qb8 12. Na4 d5 13. exd5 cxd5 14. Nc5 Qb6 15. Nxe6 Qxe6 16. O-O dxc4 17. Rac1 {½-½ (52) Nie,X (2053)-Ju,W (2557) Xinghua 2012}) 11... h6 (11... a5 $11) 12. Bxh6 $14 Nh5 13. Qd2 (13. Qg5 $14) 13... Qh4+ $15 14. Kd1 Bxh6 (14... Ng3 $5 15. Bxg7 Kxg7 $11) 15. Qxh6 Qf6 16. Qd2 Rab8 17. Kc2 Rfd8 {White should prevent ...d5!} 18. Rd1 d5 {With the idea ...dxe4.} 19. Qd4 {[%cal Rc4d5]} Qg5 20. Qc5 ({Don't play} 20. exd5 cxd5 21. cxd5 Bf5+ 22. Ne4 Nf4 $11) 20... Nf6 21. g3 (21. h4 $16 Qe5 22. b3) 21... Nd7 $11 22. Qxa7 dxc4 23. Be2 Rb6 {aiming for ...Rdb8.} 24. f4 ({White should play} 24. h4 $15 Qe3 25. Qxc7) 24... Qc5 $40 {[%mdl 128] ...Rxb2+! is the strong threat. Black has strong attack.} 25. Qxc7 $2 {[%mdl 8192] Loses the game.} (25. Qa3 $17 Qe3 26. Rhf1) 25... Rdb8 $19 {Black is clearly winning.} 26. Na4 Qe3 {[%mdl 64] [#] Double Attack} 27. Rhe1 Qxe4+ 28. Kc1 c3 {[%mdl 64] ( -> ...Qe3+). Discovered Attack} 29. Bb5 cxb2+ 30. Nxb2 Qb4 31. Rxe6 Qc3+ {Weighted Error Value: White=0.85/Black=0.24} (31... fxe6 $2 32. Rxd7 Qc3+ 33. Kd1 $19) 0-1

[Event "Turkish Championship 2020"]
[Site "Kemer-Antalya"]
[Date "2020.11.21"]
[Round "9.5"]
[White "Ozen, Deniz"]
[Black "Sanal, Vahap"]
[Result "1/2-1/2"]
[WhiteElo "2412"]
[BlackElo "2557"]
[Annotator "TA"]
[PlyCount "39"]
[EventDate "2020.11.13"]
[EventType "tourn"]
[EventCountry "TUR"]
[SourceTitle "playchess.com"]
[Source "ChessBase"]
[SourceQuality "1"]

{[%evp 9,39,3,3,1,1,1,1,1,3,0,1,0,8,6,6,0,0,0,0,-3,0,0,0,0,0,0,0,-5,0,-9,0,-8]} 1. d4 Nf6 2. Bf4 d5 3. Nf3 Bf5 4. e3 e6 5. Bd3 Bd6 {The position is equal.} 6. Bxf5 {D02: 1 d4 d5 2 Nf3 sidelines, including 2...Nf6 3 g3 and 2...Nf6 3 Bf4.} exf5 7. O-O Bxf4 8. exf4 O-O {[#]} 9. c3 $146 ({Predecessor:} 9. Re1 Re8 10. Ne5 Ne4 11. Nd2 Nd7 12. c4 c5 13. Qh5 Nxe5 14. Nxe4 g6 15. Qd1 fxe4 16. fxe5 dxc4 17. dxc5 Rxe5 {0-1 (36) Muresanu,G (1054)-Mihaila,A (1001) Calimanesti 2015}) 9... c6 10. Nbd2 Ne4 11. Ne5 Na6 12. f3 Nd6 13. Re1 Re8 14. Qc2 Qb6 15. Nd7 Qc7 16. Nc5 Qb6 17. Nd7 Qd8 18. Nc5 Qb6 19. Nd7 Qd8 20. Nc5 {Not much happened in this game.  Weighted Error Value: White=0.02/Black=0.02} 1/2-1/2